| 000 | 01117nam a2200253 u 4500 | ||
|---|---|---|---|
| 001 | 000002959 | ||
| 005 | 20200929150309.0 | ||
| 008 | 090706s1989 dr ad 001 0 spa d | ||
| 040 |
_aDO-SdBNP _bspa _cBNPHU |
||
| 082 |
_a338.187293 _bS211c |
||
| 100 | 1 |
_aSánchez Roa, Adriano, _d1956- _98541 |
|
| 245 | 1 | 0 |
_aCampesinos crisis agropecuaria e inflación / _cAdriano Sánchez Roa. |
| 260 |
_aSanto Domingo : _bInstituto del Movimiento Obrero, Campesino y Popular, _c1989. |
||
| 300 |
_a195 p. : _bil., gráfcs. ; _c23 cm. |
||
| 500 | _aIncluye datos biográficos del autor en la solapa de la cubierta. | ||
| 500 | _aIncluye bibliografías y notas al pie de páginas. | ||
| 504 | _aBibliografía : p.191-192. | ||
| 590 | _aInventariado,2018/DG | ||
| 650 | 4 |
_aAgricultura _xAspectos económicos _zRepública Dominicana _91508 |
|
| 650 | 4 |
_aCampesinos _zRepública Dominicana _xCondiciones económicas _99402 |
|
| 651 | 4 |
_aRepública Dominicana _xCondiciones Rurales _99403 |
|
| 710 | 2 |
_aInstituto del Movimiento Obrero, Campesino y Popular, IMOC (República Dominicana) _99404 |
|
| 910 | _aValidado. Control de calidad EMS | ||
| 999 |
_c2791 _d2791 |
||